Actas del Seminario sobre tratamiento informativo de la violencia de gňero

Bibliographic Details
Other Authors: Garca̕ Gonzl̀ez, M. Nieves, Nę︢z Puente, Sonia
Format: Book
Language:Spanish
Published: Madrid : Dikynson, 2009.
Subjects:
Online Access:Acceso restringido

MARC

LEADER 00000nam a2200000 i 4500
005 20111107141114.0
008 090507s2009 sp 000 0 spa d
020 |a 9788498492507 
035 |a 5975 
040 |a BUS  |d vLex 
090 |c 2748  |d 2748 
245 0 0 |a Actas del Seminario sobre tratamiento informativo de la violencia de gňero   |h [Recurso electrn̤ico] /  |c directoras y coordinadoras M. Nieves Garca̕ Gonzl̀ez...[et.al.]  
256 |a Servicio en ln̕ea. 
260 |a Madrid :  |b Dikynson,  |c 2009. 
300 |a 1 recurso electrn̤ico 
506 1 |a Contenido solo disponible en los productos indicados  |d vLex Global  |d vLex Global (Academic Edition, excluding Law Schools)  |d vLex Global (U.S. Academic Edition, Law Schools)  |d vLex Global (U.S. Academic Edition, excluding Law Schools)  |d vLex Global (Academic Edition, Law Schools) 
650 0 4 |a Medios de comunicacin̤ social y mujeres. 
700 1 |a Garca̕ Gonzl̀ez, M. Nieves. 
700 1 |a Nę︢z Puente, Sonia. 
740 0 |a vLex Libros (Servicio en ln̕ea) 
856 4 0 |u http://vlex.com/source/actas-seminario-tratamiento-informativo-violencia-genero-5975  |z Acceso restringido 
942 |c BOOK